专名平均笔画小于等于4的县级行政区 - Statistics

General Stats
  • This quiz has been taken 20 times
  • The average score is 49 of 104
Answer Stats
笔画数 省级行政区 地级行政区 县级行政区 % Correct
2 河南省 郑州市 二七区
89%
2.5 河北省 廊坊市 大厂回族自治县
79%
3 辽宁省 锦州市 义县
79%
3 浙江省 台州市 三门县
79%
3.5 浙江省 金华市 义乌市
79%
3.5 湖北省 (直辖) 天门市
79%
3.5 广东省 佛山市 三水区
79%
3.5 云南省 文山壮族苗族自治州 文山市
79%
4 甘肃省 陇南市 文县
79%
3.5 江苏省 盐城市 大丰区
74%
3.5 陕西省 延安市 子长市
74%
3.67 江西省 吉安市 井冈山市
74%
4 江苏省 徐州市 丰县
74%
3.5 辽宁省 大连市 中山区
68%
3.5 新疆维吾尔自治区 乌鲁木齐市 天山区
68%
4 云南省 临沧市 云县
68%
3 贵州省 铜仁市 万山区
63%
3.5 福建省 福州市 仓山区
63%
3.5 福建省 三明市 三元区
63%
3.5 山东省 济南市 历下区
63%
3.5 湖北省 随州市 广水市
63%
3.5 广东省 珠海市 斗门区
63%
4 河北省 石家庄市 平山县
63%
4 山西省 大同市 云冈区
63%
4 辽宁省 本溪市 平山区
63%
4 黑龙江省 鹤岗市 东山区
63%
4 安徽省 合肥市 长丰县
63%
4 福建省 漳州市 东山县
63%
4 湖南省 长沙市 宁乡市
63%
4 广东省 肇庆市 广宁县
63%
4 辽宁省 大连市 甘井子区
58%
4 吉林省 辽源市 龙山区
58%
4 江苏省 苏州市 太仓市
58%
4 安徽省 滁州市 天长市
58%
4 湖南省 长沙市 天心区
58%
4 湖南省 湘西土家族苗族自治州 龙山县
58%
4 海南省 (直辖) 万宁市
58%
3 安徽省 淮南市 八公山区
53%
3.5 山西省 长治市 长子县
53%
3.5 贵州省 遵义市 习水县
53%
3.5 甘肃省 张掖市 山丹县
53%
4 辽宁省 沈阳市 大东区
53%
4 安徽省 芜湖市 无为市
53%
3 辽宁省 鞍山市 千山区
47%
3 河南省 三门峡市 义马市
47%
3.5 吉林省 长春市 九台区
47%
3.5 江西省 上饶市 广丰区
47%
3.5 广西壮族自治区 河池市 大化瑶族自治县
47%
3.5 西藏自治区 山南市 乃东区
47%
4 山西省 吕梁市 文水县
47%
4 浙江省 衢州市 开化县
47%
4 山东省 临沂市 兰山区
47%
4 广东省 惠州市 龙门县
47%
4 陕西省 宝鸡市 凤县
47%
3.5 广西壮族自治区 河池市 巴马瑶族自治县
42%
4 山东省 烟台市 龙口市
42%
4 广东省 广州市 从化区
42%
4 广东省 江门市 台山市
42%
4 广东省 河源市 龙川县
42%
4 云南省 红河哈尼族彝族自治州 个旧市
42%
4 甘肃省 酒泉市 玉门市
42%
4 新疆维吾尔自治区 和田地区 于田县
42%
3 广西壮族自治区 南宁市 马山县
37%
3.5 贵州省 毕节市 大方县
37%
3.5 西藏自治区 阿里地区 日土县
37%
4 山西省 临汾市 乡宁县
37%
4 山西省 临汾市 大宁县
37%
4 湖北省 孝感市 汉川市
37%
4 四川省 绵阳市 三台县
37%
4 云南省 昆明市 东川区
37%
4 云南省 曲靖市 马龙区
37%
3.5 山西省 吕梁市 方山县
32%
3.5 河南省 南阳市 内乡县
32%
3.5 四川省 甘孜藏族自治州 九龙县
32%
4 河北省 邯郸市 广平县
32%
4 内蒙古自治区 乌兰察布市 四子王旗
32%
4 辽宁省 鞍山市 立山区
32%
4 辽宁省 盘锦市 双台子区
32%
4 福建省 三明市 大田县
32%
4 江西省 抚州市 东乡区
32%
4 湖南省 株洲市 天元区
32%
4 湖南省 常德市 石门县
32%
4 湖南省 怀化市 中方县
32%
4 广东省 韶关市 仁化县
32%
4 重庆市 (直辖) 永川区
32%
4 四川省 德阳市 广汉市
32%
4 贵州省 遵义市 汇川区
32%
3.5 广西壮族自治区 河池市 凤山县
26%
4 河北省 石家庄市 元氏县
26%
4 河北省 邢台市 平乡县
26%
4 江西省 上饶市 玉山县
26%
4 河南省 平顶山市 卫东区
26%
4 河南省 周口市 川汇区
26%
4 湖南省 湘西土家族苗族自治州 古丈县
26%
4 贵州省 遵义市 凤冈县
26%
4 四川省 绵阳市 北川羌族自治县
21%
4 四川省 甘孜藏族自治州 丹巴县
21%
4 陕西省 商洛市 丹凤县
21%
4 甘肃省 白银市 平川区
21%
4 新疆维吾尔自治区 阿克苏地区 乌什县
21%
4 新疆维吾尔自治区 和田地区 皮山县
21%
4 四川省 乐山市 马边彝族自治县
16%
4 新疆维吾尔自治区 阿勒泰地区 吉木乃县
16%
4 贵州省 遵义市 务川仡佬族苗族自治县
11%
No matching quizzes found
Score Distribution
Percent of People with Each Score
Percentile by Number Answered
Your Score History
You have not taken this quiz